000
00233nam a2200097Ia 4500
008
191206s9999 xx 000 0 und d
020
_a
9.78058E+12
090
_a
HB171.STA
245
0
_a
Stanlakes Introductory Economics
260
_c
c2000
999
_c
16951
_d
16951